000 00931nam a2200229Ia 4500
001 22375
005 20260414164236.0
008 260414t2006||||xx |||||||||||||| ||spa||
041 _aESP
082 _a621.38
_bF64
100 _aFloyd, Thomas L.
_eAUT
245 0 _aFundamentos de sistemas digitales
260 _c2006
300 _axvi, 1005 páginas :
_c25 cm.
650 _aTCA
654 _aCET
856 _uhttps://itmsp.museknowledge.com/UCSP?url=https://www.ebooks7-24.com:443/?il=4765&pg=1
_zVersión digital (2016)
856 _uhttps://0u213wfk8-y-https-ebooks7--24-com.itmsp.museknowledge.com/biblioteca.aspx
_zVéase además: Base de datos Ebook7-24
856 _uhttps://0u206wfkg-y-https-ieeexplore-ieee-org.itmsp.museknowledge.com/Xplore/home.jsp
_zVéase además: Base de datos IEEE Xplore
856 _uhttps://dl.acm.org/
_zVéase además: Base de datos ACM Digital Library
942 _cLIB
_dJUS
_fJUS
_2ddc
999 _c22375
_d22375